00242 a2200121 4500001000700000020001800007040001100025100001900036240002700055245002200082300000700104362000900111190505 a0-521-77533-7 cMagnum aHancock, Penny10aJust good friendslING10aJust good friends a640 a1999